Factors Influencing Career Sustainability in Saudi Arabian Banks: A PLS-SEM Analysis

Cieľom štúdie bolo zhodnotiť vplyv kariérneho rastu organizácie na udržateľnosť kariéry v bankovom sektore Saudskej Arábie. Skúma sa tiež sprostredkujúci vplyv plnenia úloh a občianskeho správania organizácie.

Gespeichert in:
Bibliographische Detailangaben
1. Verfasser: Parveen, Musrrat
Weitere Verfasser: Alshehri, Amal Awadh Hadi
Format: Buchkapitel
Sprache:Englisch
Schlagworte:
Tags: Tag hinzufügen
Keine Tags, Fügen Sie das erste Tag hinzu!

MARC

LEADER 00000naa a2200000 4500
001 0305331
005 20241126141806.0
041 0 |a eng 
044 |a CZ 
245 1 0 |a Factors Influencing Career Sustainability in Saudi Arabian Banks: A PLS-SEM Analysis  |c Musrrat Parveen, Amal Awadh Hadi Alshehri 
520 |a Cieľom štúdie bolo zhodnotiť vplyv kariérneho rastu organizácie na udržateľnosť kariéry v bankovom sektore Saudskej Arábie. Skúma sa tiež sprostredkujúci vplyv plnenia úloh a občianskeho správania organizácie. 
610 2 0 |a kariéra 
610 2 0 |a úspech pracovný 
610 2 0 |a udržateľnosť 
610 2 0 |a zamestnanci 
610 2 0 |a bankovníctvo 
610 2 0 |a modelovanie 
100 1 |a Parveen, Musrrat 
700 1 |a Alshehri, Amal Awadh Hadi